000 00355nam a22001457a 4500
008 210519b ||||| |||| 00| 0 eng d
020 _a9780141008974
041 _aeng
080 _a94
082 _a94
100 _a16
101 _aSHH
245 _aGod's Fury, England's Fire A New History of the English Civil Wars
_cBraddick,M
942 _2udc
_cBK
999 _c57457
_d57457